000 01680nam a2200421 i 4500
001 53801
003 KOSZ 005
005 20230118091540.0
008 130116s2009 pl a f |000 0 pol d
020 _a9788391327920
040 _cKOSZ 005
_aKOSZ 005
_dKOSZ 005/HR
041 0 _apol
080 _a347.77(438)
245 0 0 _aWynalazki w działalności małych i średnich przedsiębiorstw /
_c[oprac. Alicja Adamczak, Marcin Gędłek] ; Urząd Patentowy Rzeczypospolitej Polskiej, World Intellectual Property Organization.
260 _aWarszawa :
_bKrajowa Izba Gospodarcza ;
_bUrząd Patentowy Rzeczypospolitej Polskiej,
_ccopyright 2009.
300 _a56 s. :
_bil. kolor. ;
_c21 cm.
336 _2rdacontent
_aTekst
_btxt
337 _2rdamedia
_aBez urządzenia pośredniczącego
_bn
338 _2rdacarrier
_aWolumin
_bnc
380 _aKsiążki
388 _a2001-
500 _aOpis wg okł.
504 _aWykaz aktów prawnych.
648 7 _a2001-
650 4 _aPatenty
650 4 _aPrawo patentowe
650 4 _aPrawo własności przemysłowej
650 4 _aWynalazki
655 4 _aPoradnik
658 _aPrawo i wymiar sprawiedliwości
700 1 _aAdamczak, Alicja
_eOpracowanie
700 1 _aGędłek, Marcin
_eOpracowanie
710 1 _aUrząd Patentowy Rzeczypospolitej Polskiej
710 1 _aKrajowa Izba Gospodarcza
710 2 _aWorld Intellectual Property Organization
856 _uhttp://koha.tu.koszalin.pl/cgi-bin/koha/opac-detail.pl?biblionumber=53801
_yKatalog online BPK
942 _cKS
_2UKD
999 _c53801
_d53801